History Quiz

Random History or Europe Quiz
Score 0/46 Timer 10:00
1 Play Today
Head of State Country % Correct
Queen Elizabeth IIUnited Kingdom
92.2%
Pope FrancisVatican
90.1%
President Vladimir PutinRussia
89.8%
President Emmanuel MacronFrance
83.2%
King Felipe VISpain
82.2%
President Frank-Walter SteinmeierGermany
78.9%
President Katerina SakellaropoulouGreece
77.7%
King Harald VNorway
74%
King Carl XVI GustafSweden
74%
President Sergio MattarellaItaly
72.7%
Queen Margrethe IIDenmark
71.6%
President Recep Tayyip ErdoğanTurkey
69.1%
King Willem-AlexanderNetherlands
68.9%
Prince Albert IIMonaco
67.9%
President Michael D. HigginsIreland
67.4%
President Marcelo Rebelo de SousaPortugal
67.4%
President Guðni Thorlacius JóhannessonIceland
65.5%
President Alexander Van der BellenAustria
63%
Co-Prince Joan Enric Vives i Sicília / Co-Prince Emmanuel MacronAndorra
61.7%
President Alexander LukashenkoBelarus
61.3%
President Volodymyr ZelenskyUkraine
59.7%
Grand Duke HenriLuxembourg
59.3%
President Andrzej DudaPoland
58.6%
Head of State Country % Correct
President Nicos AnastasiadesCyprus
57.5%
Captain Regent Alessandro ManciniSan Marino
54.6%
King PhilippeBelgium
53.4%
President Sauli NiinistöFinland
51.8%
Prince Hans-Adam IILiechtenstein
49.8%
President Miloš ZemanCzechia
49.6%
President Aleksandar VučićSerbia
47.9%
President Zoran MilanovićCroatia
47.7%
President Klaus IohannisRomania
46.8%
President János ÁderHungary
44.7%
President Milo ĐukanovićMontenegro
40.5%
President Gitanas NausėdaLithuania
40.4%
President Kersti KaljulaidEstonia
40.3%
President Egils LevitsLatvia
40.1%
Chairman of the Presidency Šefik DžaferovićBosnia and Herzegovina
39.8%
President Rumen RadevBulgaria
39.3%
President George VellaMalta
35.6%
President Zuzana ČaputováSlovakia
35.4%
President Ilir MetaAlbania
34.9%
President Igor DodonMoldova
34.5%
President Hashim ThaçiKosovo
32.8%
President Borut PahorSlovenia
32%
President Stevo PendarovskiNorth Macedonia
30.7%
Come Together.
Have Fun.
All Virtual.
We all need to come together. Play Sporcle's virtual live trivia to have fun, connect with people, and get your trivia on. Join a live hosted trivia game for your favorite pub trivia experience done virtually. If a virtual private party is more your thing, go here for details.

You're not logged in!

Compare scores with friends on all Sporcle quizzes.
OR
Log In

Sporcle TV

Today on Sporcle TV


Watch our educational content, quiz creation guides, and fun videos on Sporcle TV.

Show Comments

Extras

Top Quizzes Today


Score Distribution

Paid Content

Your Account Isn't Verified!

In order to create a playlist on Sporcle, you need to verify the email address you used during registration. Go to your Sporcle Settings to finish the process.

Report this User

Report this user for behavior that violates our Community Guidelines.

Details: